000
00238nam a2200097Ia 4500
005
20250424112923.0
008
250424s9999 xx 000 0 und d
300
_a
v., 68 p. : ill. ; 30 cm.
650
_a
Accounting--Periodical.
942
_c
SR
999
_c
37886
_d
37886